000 00953nam a2200277 i 4500
001 9597
003 ES-MaACL
005 20230906145722.0
007 t|
008 931111s1993 sp ||||1| spa d
020 _a84-7947-101-8
080 _a7 Dámaso, Pepe
080 _a75(46)"1933/..." Dámaso, Pepe
100 1 _aDámaso, Pepe.
_942556
245 1 0 _aDámaso /
_cPepe Dámaso ; [estudio crítico de] Luis Ortega Abraham.
260 _a[Santa Cruz de Tenerife] :
_bViceconsejería de Cultura y Deportes,
_c[1993]
300 _a155 p. :
_bil. col. y n. ;
_c28 cm.
490 1 _aBiblioteca de artistas canarios ;
_v21
504 _aBibliografía: p. 147-155.
600 1 4 _aDámaso, Pepe.
_942556
700 1 _aOrtega Abraham, Luis.
_987436
710 1 _aCanarias.
_bViceconsejería de Cultura y Deportes.
_92427
830 0 _aBiblioteca de artistas canarios ;
_v21
_9178553
852 _aES-MaACL
_jL-17183
_bR.122078
999 _c9597
_d9597